Jayasimha raja charitre: (Record no. 145909)

MARC details
000 -LEADER
fixed length control field 00583nam a2200193Ia 4500
003 - CONTROL NUMBER IDENTIFIER
control field OSt
005 - DATE AND TIME OF LATEST TRANSACTION
control field 20260218100935.0
008 - FIXED-LENGTH DATA ELEMENTS--GENERAL INFORMATION
fixed length control field 210210b1921 xxu||||| |||| 00| 0 eng d
040 ## - CATALOGING SOURCE
Transcribing agency AL
041 ## - LANGUAGE CODE
Language code of text/sound track or separate title Kannada
082 ## - DEWEY DECIMAL CLASSIFICATION NUMBER
Classification number 859/1065
100 ## - MAIN ENTRY--PERSONAL NAME
Personal name PUTTANNA (M S)
9 (RLIN) 146030
Dates associated with a name ಪುಟ್ಟಣ್ಣ (ಎಂಎಸ್)
245 ## - TITLE STATEMENT
Title Jayasimha raja charitre:
Remainder of title ಜಯಸಿಂಹ ರಾಜ ಚರಿತ್ರೆ
260 ## - PUBLICATION, DISTRIBUTION, ETC.
Place of publication, distribution, etc. Bengaluru
Name of publisher, distributor, etc. -
Date of publication, distribution, etc. 1921
650 ## - SUBJECT ADDED ENTRY--TOPICAL TERM
Topical term or geographic name entry element translation of shakespears cymbeline
9 (RLIN) 255532
690 ## - LOCAL SUBJECT ADDED ENTRY--TOPICAL TERM (OCLC, RLIN)
Topical term or geographic name as entry element Kannada Fiction
9 (RLIN) 146031
906 ## - LOCAL DATA ELEMENT F, LDF (RLIN)
a 021811
942 ## - ADDED ENTRY ELEMENTS (KOHA)
Source of classification or shelving scheme Dewey Decimal Classification
Koha item type Book
Holdings
Withdrawn status Lost status Source of classification or shelving scheme Damaged status Not for loan Collection code Home library Current library Shelving location Date acquired Cost, normal purchase price Total Checkouts Full call number Barcode Date last seen Price effective from Koha item type
    Dewey Decimal Classification     Kannada St Aloysius Library St Aloysius Library   02/17/2021 0.00   859/1065 021811 02/17/2021 02/17/2021 Book